La práctica del Zen / Chang Chen-Chi
Se plantea que el Zen es antes que todo una práctica, más allá de sus postulados filosóficos. Se da una explicación de esta práctica desde el testimonio de algunos de los maestros más importantes en la historia del Zen. Parte de la pregunta fundamental que hace la filosofía en cualquier ámbito ¿Qué...
में बचाया:
| मुख्य लेखक: | |
|---|---|
| स्वरूप: | पुस्तक |
| भाषा: | Undetermined |
| प्रकाशित: |
Buenos Aires, Argentina
La Pléyade
1976
|
| विषय: | |
| टैग: |
टैग जोड़ें
कोई टैग नहीं, इस रिकॉर्ड को टैग करने वाले पहले व्यक्ति बनें!
|
MARC
| LEADER | 00000nam a2200000Ia 4500 | ||
|---|---|---|---|
| 008 | 170316s9999 xx 000 0 und d | ||
| 040 | |a cru BVZT | ||
| 090 | |a 100 Ch-13p | ||
| 100 | |a Chen-Chi, Chang |9 605 | ||
| 245 | |a La práctica del Zen / Chang Chen-Chi | ||
| 260 | |a Buenos Aires, Argentina | ||
| 260 | |b La Pléyade | ||
| 260 | |c 1976 | ||
| 300 | |a 192 páginas | ||
| 520 | |a Se plantea que el Zen es antes que todo una práctica, más allá de sus postulados filosóficos. Se da una explicación de esta práctica desde el testimonio de algunos de los maestros más importantes en la historia del Zen. Parte de la pregunta fundamental que hace la filosofía en cualquier ámbito ¿Qué es el Zen? Seguidamente, se analiza el carácter pragmático del Zen, para pasar a la explicación de los cuatro problemas del budismo Zen. Finalmente figura una sección dedicada a Buda y la meditación. | ||
| 650 | |a FILOSOFÍA |9 5 | ||
| 650 | |a FILOSOFÍA ZEN |9 606 | ||
| 650 | |a BUDISMO ZEN |9 607 | ||
| 650 | |a MEDITACIÓN |9 608 | ||
| 999 | |c 13248 |d 13248 | ||
| 942 | |c 15 D |h 100 Ch-13p |2 z | ||
